000 00626nam a2200229Ia 4500
003 OSt
005 20220918202509.0
006 a|||||r|||| 00| 0
007 ta
008 220917b |||||||| |||| 00| 0 eng d
024 _a101,712
037 _cTextual
040 _aARTS
_cARTS
_beng
041 _2eng
_aeng
082 _aV236:1:L, K8
100 _aNijjar Bakhshish Singh
_9104060
245 0 _aPanjab under the great Mughals 1526-1707 A D
260 _aBombay
_bThacker and Co.
_c1968
650 _aHISTORY
942 _hV236:1:L, K8
_cTEXL
_2CC
999 _c225172
_d225172